Score 0/18 Timer 06:00
3 Plays Today
% Correct
one of the arrows flew towards you.
92%
his Huns were tied.
90.5%
every time he plays, I wonder why I bothered.
89.4%
and had to be scratched.
89.3%
are from Palm Springs.
88.6%
Because education pays off in the long run.
87.6%
No chance of a touchdown there.
86.7%
they don't cross the country, so he was back in a few hours.
86.2%
I had a sinking feeling.
85.9%
% Correct
I was tired of hanging around bars.
84.7%
so they could let him down one last time.
83.9%
He loved recycling.
83.2%
I was only tenpin.
82.4%
and suffered a broken scull.
82.3%
I get a kick out of the punts.
79.1%
I couldn't live on my net income.
76%
is right up my alley.
70.4%
I moved the beer to the fridge's bottom shelf.
68.4%
Remove Ads.
Support Sporcle.
Get the best of Sporcle when you Go Orange. This ad-free experience offers more features, more stats, and more fun while also helping to support Sporcle. Thank you for becoming a member.

You're not logged in!

Compare scores with friends on all Sporcle quizzes.
OR
Log In

Show Comments

Extras

Top Quizzes Today


Score Distribution

Your Account Isn't Verified!

In order to create a playlist on Sporcle, you need to verify the email address you used during registration. Go to your Sporcle Settings to finish the process.

Report this User

Report this user for behavior that violates our Community Guidelines.

Details: